DFB-Pokal Teams 2026/27 - Statistics

General Stats
  • This quiz has been taken 7 times
  • The average score is 41 of 64
Answer Stats
Hint Answer % Correct
Bundesliga Bayer Leverkusen
100%
Bundesliga Borussia Dortmund
100%
Bundesliga FC Bayern München
100%
Bundesliga Hamburger SV
100%
Regionalliga Bayern TSV 1860 München
100%
Bundesliga Werder Bremen
100%
2. Bundesliga 1. FC Heidenheim
83%
2. Bundesliga 1. FC Kaiserslautern
83%
Bundesliga 1. FSV Mainz 05
83%
Bundesliga Borussia Mönchengladbach
83%
Bundesliga Eintracht Frankfurt
83%
Bundesliga FC Augsburg
83%
Bundesliga FC Schalke
83%
2. Bundesliga Hannover 96
83%
3. Liga Hansa Rostock
83%
2. Bundesliga Hertha BSC
83%
2. Bundesliga Holstein Kiel
83%
3. Liga Preußen Münster
83%
Bundesliga RB Leipzig
83%
Bundesliga SC Freiburg
83%
Bundesliga SC Paderborn
83%
2. Bundesliga SpVgg Greuther Fürth
83%
Bundesliga TSG Hoffenheim
83%
Oberliga Rheinland-Pfalz/Saar TSV Schott Mainz
83%
Bundesliga Union Berlin
83%
Bundesliga VfB Stuttgart
83%
2. Bundesliga VfL Osnabrück
83%
2. Bundesliga VfL Wolfsburg
83%
3. Liga Waldhof Mannheim
83%
Bundesliga 1. FC Köln
67%
2. Bundesliga 1. FC Nürnberg
67%
3. Liga 1. FC Saarbrücken
67%
2. Bundesliga Dynamo Dresden
67%
2. Bundesliga Energie Cottbus
67%
2. Bundesliga FC St. Pauli
67%
3. Liga Fortuna Düsseldorf
67%
3. Liga Rot-Weiss Essen
67%
2. Bundesliga SV Darmstadt
67%
Bundesliga SV Elversberg
67%
2. Bundesliga VfL Bochum
67%
3. Liga Viktoria Köln
67%
2. Bundesliga 1. FC Magdeburg
50%
2. Bundesliga Arminia Bielefeld
50%
3. Liga SC Verl
50%
3. Liga Wehen Wiesbaden
50%
3. Liga Würzburger Kickers
50%
Regionalliga Nordost Carl Zeiss Jena
33%
2. Bundesliga Eintracht Braunschweig
33%
Regionalliga Südwest Eintracht Trier
33%
Regionalliga Nordost Erzgebirge Aue
33%
Regionalliga Nordost Hallescher FC
33%
Oberliga Hamburg Hamburg-Eimsbütteler BC
33%
Oberliga Niedersachsen Lüneburger SK Hansa
33%
3. Liga MSV Duisburg
33%
Regionalliga Nord Phönix Lübeck
33%
3. Liga Sonnenhof Großaspach
33%
Regionalliga Nord SSV Jeddeloh II
33%
Bremen-Liga SV Hemelingen
33%
NOFV-Oberliga Süd VfB Krieschow
33%
Regionalliga Nordost VSG Altglienicke
33%
Regionalliga West Westfalia Rhynern
33%
Oberliga Baden-Württemberg Bahlinger SC
17%
2. Bundesliga Karlsruher SC
17%
Oberliga Niederrhein SC St. Tönis
17%
No matching quizzes found
Score Distribution
Percent of People with Each Score
Percentile by Number Answered
Your Score History
You have not taken this quiz